000 00828pam a2200265 a 4500
001 4729485
005 20200421093827.0
008 100923s2012 ctua b 001 0 eng d
015 _aGBB0C3089
_2bnb
020 _a9781933988771 (pbk.) :
_c£50.99
020 _a1933988770 (pbk.) :
_c£50.99
035 _a(Uk)015669782
035 _a2390089
040 _aStDuBDS
_beng
_cStDuBDS
_dUk
042 _aukblcatcopy
082 0 4 _a005.133
_222
100 1 _aWilliams, Anthony.
245 1 0 _aC++ concurrency in action :
_bpractical multithreading /
_cAnthony Williams.
260 _aShelter Island, N.Y. :
_bManning,
_cc2012.
300 _axxii, 506 p. :
_bill. ;
_c24 cm.
500 _aFormerly CIP.
_5Uk
504 _aIncludes bibliographical references and index.
650 0 _aC++ (Computer program language)
942 _2ddc
_cBK
999 _c370
_d370